000 00253nam a22001097a 4500
082 _a621.84 HAL'I
100 _aHALLOWS, R. W,MILWARD, H. K
_980004
245 _aINTRODUCTION TO VALUES
260 _aLONDON
_bILIFFE
_c1953
300 _a152P
942 _cBK
999 _c584982
_d584982